00707nam a2200157 450000500170000000800020001702000280001904000680004708200170011510000240013224501890015626000670034530000500041249000440046265000430050620260327211009.0- a9789930970874 Volumen 2 aBiblioteca LadoV TeoréticacBiblioteca LadoV Teoréticaerda04a724.6bM743a1 aMonge Cortés, Paz10aAcercamientos a lo tropical : bun segundo breve recuento de la arquitectura contemporánea en Costa Rica /cpor Paz Monge Cortés, José Daniel Picado García, Daniel Soto Morúa 1aCosta Rica : bMuseo de Arte y Diseño Contemporáneo,c2022 a50 páginas : bfotografías ;c21 x 25 cm.0 aAcercamientos a lo tropical vVolumen 2 4aArquitectura costarricense - Teoría.